Statistics for SAT Words HARD Click Quiz - P

Click here to take the quiz!

General Stats

  • This quiz has been taken 143 times
  • The average score is 9 of 15

Answer Stats

HintAnswer% Correct
Showing deep feeling or thoughtPensive
81%
Preference or bias for somethingPredilection
80%
Beautiful appearance an object gains with agePatina
73%
Touchy, peevishPetulant
71%
Quality in art or literature that evokes sadnessPathos
68%
Foreboding, ominousPortentous
68%
Regional dialect or form of speechPatois
67%
Art that stylistically imitates previous worksPastiche
64%
Strong argument; aggressive refutationPolemic
58%
Moving from place to place; itinerantPeripatetic
51%
Speech or writing praising its subjectPanegyric
48%
Calm and unemotional demeanourPhlegmatic
46%
Marked by causing excessive desire or lustPrurient
45%
Lacking courage and resolutionPusillanimous
44%
Expressively mournful; loudly lamentingPlangent
30%

Score Distribution

Percentile by Number Answered

Percent of People with Each Score

Your Score History

You have not taken this quiz